000 00665nam a2200241 a 4500
001 0000414
003 DO-SdBNP
005 20160616111035.0
007 0000414
008 091125s1979 sp a 000 0 spa d
020 _a8420105449 (v. 5)
040 _aBPMSU
_bspa
_cBPMSU
100 _aSegrelles, Vicente
_d1940-
245 1 0 _aHistoria ilustrada de los barcos /
_cVicente Segrelles
250 _a4ta. ed.
260 _aBarcelona :
_bediciones Afha,
_c1979.
300 _a61 p. :
_bil. ;
_c32 cm.
490 1 _aEnciclopedia juvenil Auriga
_v5
830 0 _aEnciclopedia juvenil Auriga
_v5
910 _a
942 _2ddc
_cBK
956 _aYngrid Lockward
_b10
999 _c10411
_d10411